|
|
|
|
| LEADER |
01005nam a22002297a 4500 |
| 001 |
39761 |
| 003 |
BD-DhAAL |
| 008 |
221110t1991 ii ||||| |||| 00| 0 ben d |
| 999 |
|
|
|c 45018
|d 45018
|
| 040 |
|
|
|a BD-DhAAL
|c BD-DhAAL
|
| 041 |
|
|
|a ben
|
| 082 |
|
|
|a 891.4414
|2 23
|
| 100 |
|
|
|a ঠাকুর, রবীন্দ্রনাথ,
|d ১৮৬১-১৯৪১.
|9 52298
|
| 245 |
|
|
|a স্বদেশ /
|c রবীন্দ্রনাথ ঠাকুর.
|
| 260 |
|
|
|a কলকাতা :
|b বিশ্বভারতী,
|c ১৯৯১.
|
| 300 |
|
|
|a ১১৭ পৃষ্ঠা ;
|c ১৮ সে.মি.
|
| 541 |
|
|
|a Donated By Akbar Ali Khan
|e 39761
|
| 600 |
|
|
|a Tagore, Rabindranath,
|d 1861-1941.
|9 52299
|
| 650 |
|
|
|a Bengali literature.
|9 52300
|
| 852 |
|
|
|a Ayesha Abed Library
|c Akbar Ali Khan Collection
|
| 942 |
|
|
|2 ddc
|c BK
|
| 952 |
|
|
|0 0
|1 0
|2 ddc
|4 0
|6 891_441400000000000_TAG
|7 1
|9 72306
|a BRACUL
|b BRACUL
|c CS1
|d 2022-11-10
|e Donated by Akbar Ali Khan
|g 20.00
|l 0
|o 891.4414 TAG
|p 3010039761
|r 2022-11-10
|t 1
|w 2022-11-10
|y BK
|